Крыльчатые расходомеры для жидкости: обзор иностранных патентов

Bibliographic Details
Main Author: Кичкин И. И. Илья Ильич
Other Authors: Полохин П. Н. Петр Никифорович
Language:Russian
Published: Москва, 1964
Series:Обзор иностранных патентов
Subjects:
Format: Book
KOHA link:https://koha.lib.tpu.ru/cgi-bin/koha/opac-detail.pl?biblionumber=100683

MARC

LEADER 00000nam0a2200000 4500
001 100683
005 20231031112159.0
035 |a (RuTPU)RU\TPU\book\108348 
090 |a 100683 
100 |a 20060825d1964 k y0rusy50 ca 
101 0 |a rus 
102 |a RU 
105 |a a z 000zy 
200 1 |a Крыльчатые расходомеры для жидкости  |e обзор иностранных патентов  |f И. И. Кичкин, П. Н. Полохин 
210 |a Москва  |d 1964 
215 |a 15 с.  |c черт. 
225 1 |a Обзор иностранных патентов 
610 1 |a расходомеры 
610 1 |a конструкции иностранные 
610 1 |a обзоры 
610 1 |a патенты 
675 |a 681.12  |v 3 
675 |a 608.3:67/68  |v 3 
700 1 |a Кичкин  |b И. И.  |g Илья Ильич 
701 1 |a Полохин  |b П. Н.  |g Петр Никифорович 
801 1 |a RU  |b 63413507  |c 20060825  |g PSBO 
801 2 |a RU  |b 63413507  |c 20071106  |g PSBO 
942 |c BK